|
|
|
|
| LEADER |
00000nam a2200000 a 4500 |
| 001 |
vtls010881905 |
| 003 |
SK-MaSNL |
| 005 |
20260426005707.0 |
| 008 |
160430s2015 xo hoa g n 000 0 slo |
| 015 |
|
|
|a SNBA2015/10
|
| 020 |
|
|
|a 9788080567132 (brož.)
|
| 035 |
|
|
|a BCBF38CB-65FB-490E-9C43-C577813A44B8
|
| 035 |
|
|
|a urn:nbn:sk:snk-amkdg4
|
| 035 |
|
|
|a urn:nbn:sk:snk-am008j90
|
| 040 |
|
|
|a SNK
|b slo
|c SNK
|e AACR2
|
| 041 |
0 |
|
|a slo
|
| 043 |
|
|
|a e-xo---
|
| 044 |
|
|
|a xo
|c SK
|
| 072 |
|
7 |
|a 94(437.6)
|x Dejiny Slovenskej republiky
|2 konspekt
|
| 080 |
|
|
|a 94(437.6)
|2 2001
|
| 080 |
|
|
|a (041)
|2 2001
|
| 245 |
0 |
0 |
|a Boldog
|b z histórie obce
|c [Zostavila: Izabela Danterová]
|
| 260 |
|
|
|a Komárno
|b Vydavateľstvo KT
|c [2015]
|
| 300 |
|
|
|a 32 s.
|b faks., fotogr., ilustr., mp., tab.
|c 17 cm
|
| 490 |
1 |
|
|a Malá vlastivedná knižnica ;
|v č. 307
|
| 504 |
|
|
|a Bibliogr. odkazy ; pozn.
|
| 650 |
0 |
7 |
|a dejiny obcí
|2 SNKPH
|9 164834
|
| 650 |
0 |
7 |
|a History
|2 SNKPHeng
|9 265139
|
| 651 |
|
7 |
|a Boldog (Slovensko)
|2 SNKPH
|9 98050
|
| 651 |
|
7 |
|a Boldog (Slovakia)
|2 SNKPH
|9 488131
|
| 655 |
|
7 |
|a brožúry
|2 SNKPH
|9 70146
|
| 655 |
|
7 |
|a Brochures
|2 SNKPHeng
|9 283327
|
| 700 |
1 |
|
|a Danterová, Izabela,
|d 1955-
|4 com
|9 108108
|
| 830 |
|
0 |
|a Malá vlastivedná knižnica
|9 276523
|
| 919 |
|
|
|a 978-80-8056-713-2
|
| 958 |
|
|
|a NB
|
| 999 |
|
|
|c 1014513
|d 1016443
|
| 952 |
|
|
|a SNK
|b SNK
|y PREZ
|7 0
|p 17A1172574
|o snkSD 84572
|i snk2015/27796
|8 0
|0 0
|1 0
|4 0
|d 2015-10-02
|f 1
|l 0
|r 2017-06-30 00:00:00
|w 2026-02-24
|
| 952 |
|
|
|a SNK
|b SNK
|y VYP
|7 0
|p 17A1172575
|o snkSD 84572 D1
|i snk2015/27797
|8 0
|0 0
|1 0
|4 0
|d 2015-10-02
|l 0
|r 2017-06-30 00:00:00
|w 2026-02-24
|